000 00432cam a2200169ua 4500
020 _c25.00
041 _aeng
_h
082 _a305.55
_bMIS/IN
100 _aMisra, B.B .
245 _aIndian middle classes : Their growth in modern times /
_cB.B.Misra.
_hTextual Documents
260 _a :
_bOxford University Press ,
_c1961.
300 _a438 ; .
365 _a25.00
504 _a
942 _cBK
999 _c1723
_d1723